[Event "Charlotte Thanksgiving GM 2020"]
[Site "Charlotte"]
[Date "2020.11.26"]
[Round "1.1"]
[White "Tokhirjonova, Gulrukhbegim"]
[Black "Jacobson, Brandon"]
[Result "0-1"]
[WhiteElo "2378"]
[BlackElo "2487"]
[Annotator "TA"]
[PlyCount "78"]
[EventDate "2020.11.26"]
[EventType "tourn"]
[EventCountry "USA"]
[SourceTitle "playchess.com"]
[Source "ChessBase"]
[SourceQuality "1"]

{[%evp 25,78,41,52,27,37,43,34,25,45,15,52,-9,7,-16,0,0,13,-31,-18,-34,-38,-106,-100,-113,-111,-144,-145,-134,-129,-118,-107,-112,-107,-138,-38,-35,-35,-52,-53,-86,-91,-98,-95,-101,-93,-142,-109,-97,-81,-81,-83,-137,-124,-328,-334]} 1. e4 c5 2. Nf3 d6 3. d4 cxd4 4. Nxd4 Nf6 5. Nc3 Nc6 6. Bg5 e6 7. Qd2 a6 8. O-O-O Bd7 9. f4 Be7 10. Nf3 b5 11. Bxf6 gxf6 12. f5 Qb6 13. Kb1 O-O-O 14. Bd3 {B69: Sicilian: Richter-Rauzer: 7...a6 8 0-0-0 Bd7 9 f4 Be7 10 Nf3 b5 11 Bxf6.} Kb8 15. Ne2 Bc8 16. Nf4 {White is slightly better.} Ne5 17. Be2 Nc6 {[%cal Be5c6,Bc6b4,Bb4d3][%mdl 32] [#]} 18. Rhe1 $146 (18. c3 $14) ({Predecessor:} 18. fxe6 fxe6 19. c3 b4 20. Ka1 Bf8 21. a3 d5 22. exd5 bxa3 23. bxa3 Qa5 {½-½ (23) Lukyanenko,V (2168)-Tyutyunnik,R (2234) ICCF email 2017}) 18... d5 $1 $11 {[%cal Rd5e4]} 19. exd5 {[%cal Rf5e6]} e5 20. Bd3 Nb4 21. a3 Nxd3 22. Qxd3 Bb7 23. Qb3 (23. Qe2 $15) 23... Qc5 $1 $17 24. d6 Rxd6 (24... Bxd6 25. Nd5 $11) 25. Nd3 {[#]} Qc4 $1 26. Qxc4 bxc4 27. Nf2 Rxd1+ 28. Nxd1 Rg8 29. Nh4 Bxg2 ({Black should try} 29... Rg4 $17 30. g3 Rd4) 30. Rg1 $15 Rg4 31. Rxg2 Rxh4 {[%mdl 4096] Endgame KRB-KRN} 32. Nc3 Kc7 33. Rg7 Kd7 (33... Rxh2 $6 34. Rxf7 Rh1+ 35. Ka2 $11) 34. Nd5 Kd6 ({Weaker is} 34... Rxh2 35. Rxf7 Kd8 36. Rg7 $16 (36. Nxe7 Ke8 $16) (36. Rxe7 Rd2 $11) (36. Nxf6 Rf2 $14)) 35. Nc3 Rxh2 36. Rxf7 Rh4 37. Kc1 h5 38. Rh7 {[#]} (38. Nd1 $142) 38... e4 $1 $17 39. Kd2 $2 (39. b4 $17) 39... Bd8 {Weighted Error Value: White=0.30/Black=0.11} 0-1

[Event "Charlotte Thanksgiving GM 2020"]
[Site "Charlotte"]
[Date "2020.11.26"]
[Round "1.2"]
[White "Sheng, Joshua"]
[Black "Gauri, Shankar"]
[Result "0-1"]
[WhiteElo "2474"]
[BlackElo "2356"]
[Annotator "TA"]
[PlyCount "84"]
[EventDate "2020.11.26"]
[EventType "tourn"]
[EventCountry "USA"]
[SourceTitle "playchess.com"]
[Source "ChessBase"]
[SourceQuality "1"]

{[%evp 9,84,17,18,-1,9,13,25,0,0,-39,56,52,54,47,55,32,25,8,13,0,5,7,14,-41,2,-47,-39,-50,-15,-47,-12,-94,-54,-56,-75,-73,-24,-63,-50,-103,-59,-76,-42,-57,-49,-88,73,-99,-102,-178,-158,-156,-42,-57,0,-410,-115,-885,-876,-1578,-1481,-1420,-1022,-1020,-1017,-1018,-997,-954,-793,-1160,-1160,-1060,-1141,-1106,-1105,-2669,-2766]} 1. e4 e5 2. Nf3 Nc6 3. Nc3 Nf6 4. Bb5 Bd6 5. d3 O-O 6. a3 {C48: Four Knights: 4 Bb5, replies other than 4...Bb4.} Re8 7. Bc4 Bc5 {[#]} 8. Ng5 $146 {White has an edge.} ({Predecessor:} 8. Bg5 h6 9. Bh4 Be7 10. Bxf6 Bxf6 11. Nd5 d6 12. O-O g6 13. Nxf6+ Qxf6 14. Qd2 Bg4 15. Ne1 Qg5 16. f4 exf4 17. Qxf4 Qxf4 18. Rxf4 Be6 19. Bxe6 {½-½ (20) Godena,M (2549)-Ortega,L (2480) Siena 2010}) 8... Rf8 $1 9. f4 h6 (9... exf4 $1 $15 10. Bxf4 h6) 10. Nxf7 $14 Rxf7 11. Bxf7+ Kxf7 12. fxe5 Nh7 $1 13. Qh5+ Kg8 14. Rf1 d6 15. exd6 cxd6 16. Qf7+ Kh8 {[%mdl 1024] Black has compensation.} 17. Bf4 Nd4 18. Rc1 Be6 19. Qg6 Rc8 20. Ne2 (20. Na4 $11 {remains equal.}) 20... Qe7 21. Nxd4 Bxd4 22. c3 Bb6 (22... Bf6 $5 {[%cal Rc8c5]} 23. Kd2 Ng5 $15) 23. Kd2 Qd7 24. d4 (24. Be3 $15) 24... Nf8 $36 {[%mdl 2048] White is under pressure.} 25. Qg3 Qb5 26. Bxd6 Nd7 {Threatens to win with ...Bxd4!} 27. b4 Nf6 $2 {[#]} (27... Bd8 $17) 28. Rfe1 $2 (28. Rxf6 $1 $16 {[%mdl 512]} gxf6 29. d5) 28... Qc4 $17 29. Bc5 (29. d5 $17) 29... Bc7 $19 30. Qf3 Re8 (30... Nd7 $17 {...b6 is the strong threat.} 31. g3 Qa2+ 32. Rc2 Qxa3) 31. e5 $15 Nd5 ({Better is} 31... Nd7 $15 32. Qd3 (32. Bxa7 $2 Bd8 $19) 32... Qa2+ 33. Qc2 Qc4) 32. Rf1 $2 {[%mdl 8192] [#]} (32. Qd3 $11 {and White has nothing to worry.} Qxd3+ 33. Kxd3) 32... b6 $2 (32... Bd8 $1 $19 {[%cal Rd8g5] has better winning chances. Strongly threatening ...Bg5+.} 33. Ke1 Bg5) 33. Bf8 $2 {[%mdl 8192] Now White is beyond hope.} (33. Qd3 $17 Qxd3+ 34. Kxd3 bxc5 35. bxc5) 33... Bd8 $19 {Black is clearly winning.} 34. Qg3 Bg5+ {[%mdl 64] Skewer} 35. Ke1 {[#]} Qxf1+ $1 {[%mdl 576] Remove Defender} 36. Kxf1 Rxf8+ 37. Ke2 Bxc1 38. c4 Bf4 39. Qb3 Ne3 {[%mdl 64] Discovered Attack} 40. d5 Bg4+ 41. Kd3 Nxg2 42. Qb2 Ne1+ {Weighted Error Value: White=0.88/Black=0.50} 0-1

[Event "Charlotte Thanksgiving GM 2020"]
[Site "Charlotte"]
[Date "2020.11.26"]
[Round "1.3"]
[White "Hong, Andrew"]
[Black "Mishra, Abhimanyu"]
[Result "0-1"]
[WhiteElo "2449"]
[BlackElo "2338"]
[Annotator "TA"]
[PlyCount "138"]
[EventDate "2020.11.26"]
[EventType "tourn"]
[EventCountry "USA"]
[SourceTitle "playchess.com"]
[Source "ChessBase"]
[SourceQuality "1"]

{[%evp 17,138,29,35,18,15,8,21,4,8,-13,-8,-45,0,-4,0,0,0,-12,-3,-61,-85,-108,-56,-104,-107,-109,-107,-110,-120,-110,-102,-99,-111,-111,-91,-117,-106,-102,-101,-115,-34,-34,-36,-106,-115,-105,-70,-129,-32,-66,-15,-166,-159,-162,-168,-167,-160,-161,-151,-160,-163,-179,-165,-168,-161,-307,-315,-489,-382,-343,-199,-269,-241,-237,-169,-276,-266,-260,-270,-279,-285,-279,-283,-281,-275,-535,-527,-777,-525,-527,-516,-481,-491,-498,-471,-483,-495,-502,-489,-573,-570,-7351,-10916,-29972,-29972,-29972,-29976,-29976,-29977,-29977,-29977,-29981,-29982,-29982,-29983,-29983,-29984,-29984,-29985,-29985,-29986,-29995,-29995]} 1. e4 e5 2. Nf3 Nc6 3. Bb5 a6 4. Ba4 Nf6 5. O-O b5 6. Bb3 Bc5 7. c3 d6 8. a4 Rb8 9. d4 Bb6 10. Be3 {10.a5 gains popularity. C78: Ruy Lopez: Archangelsk and Möller Defences.} O-O 11. Nbd2 Bg4 {[#]} 12. h3 $146 {The position is equal.} ({Predecessor:} 12. Qc2 Re8 13. axb5 axb5 14. Rfe1 Bh5 15. dxe5 dxe5 16. h3 Bxe3 17. Rxe3 Ra8 18. Rd1 {0-1 (45) Polgar,J (2708)-Ponomariov,R (2705) Vitoria Gasteiz 2007}) 12... Bh5 13. g4 Bg6 14. Bg5 h6 15. Bh4 exd4 16. Bd5 Ne7 17. Bxf6 gxf6 18. cxd4 (18. a5 $1 $11 c6 19. axb6 dxc3 20. Bb3 (20. bxc3 cxd5 21. exd5 Qxb6 $15) 20... cxd2 21. Qxd2) 18... Nxd5 $15 19. exd5 bxa4 (19... f5 $1 $17 20. gxf5 Bxf5) 20. Qxa4 f5 $1 21. gxf5 Bxf5 22. Kh2 Qf6 23. Rg1+ Kh7 24. Rae1 Rg8 25. Rg3 a5 26. b3 Bg6 27. Qc4 Qf4 28. Re3 Bf5 (28... h5 $17 29. h4 Bf5) 29. Re7 Rg7 {Hoping for ...Rbg8.} 30. Qc3 (30. Qe2 $1 $15) 30... Rbg8 $36 {[%cal Rg7g3][%mdl 2048] Black is really pushing.} 31. Nf1 Bg6 32. Qd2 (32. N1d2 $15) 32... Qf6 ({Better is} 32... Qxd2 $17 33. N1xd2 f5 34. Rxg7+ Rxg7) 33. Re3 Qf5 ({Black should play} 33... Ra8 $15) 34. Rg4 $2 {Now White is beyond hope.} (34. Re7 $11 {and White stays safe.}) 34... Bh5 $1 $19 {[%cal Rh5g4]} 35. Rxg7+ Rxg7 36. Qd3 Qxd3 37. Rxd3 f5 38. Ng3 Bg6 {aiming for ...f4.} 39. Ne2 {[#]} f4 $1 {[%mdl 512]} 40. Rc3 (40. Nxf4 Bxd3) 40... Rf7 $1 41. Nd2 {[#]} (41. Nh4 $142) 41... a4 $1 {[%mdl 512]} 42. b4 (42. bxa4 $142 Ba5 43. Nb3 Bxc3 44. Nxc3) 42... Bh5 43. Nf3 Rf5 (43... Re7 $142 44. Nxf4 Bxf3 45. Rxf3 Rf7) 44. Nh4 (44. Ra3 {keeps fighting.}) 44... Rf8 ({Resist} 44... Rxd5 45. Nxf4 Rb5 46. Nd3 $19) 45. f3 Be8 {Threatens to win with ...Bb5.} 46. Ng2 (46. Ra3 {was the only defense.}) 46... Bb5 47. Ngxf4 {[#]} Re8 $1 48. Rc2 a3 49. Nc3 Bc4 50. Ne6 Ra8 {And now ...a2 would win.} 51. Rg2 $2 (51. Kg3) 51... a2 52. Rg7+ Kh8 53. Nxa2 {intending Nc3.} Rxa2+ 54. Kg3 Bxd5 55. Rg6 Bxe6 56. Rxh6+ Kg8 57. Rxe6 Bxd4 {[%mdl 4096] Endgame KRB-KR} 58. Re7 c5 59. bxc5 dxc5 60. f4 c4 {Black mates.} 61. Rc7 {Cut Off at move 61} c3 62. Kf3 Rd2 63. Ke4 c2 64. f5 Bb2 65. Rc8+ Kf7 66. Rc7+ Ke8 67. f6 c1=Q 68. f7+ Kf8 69. Re7 Kxe7 {Weighted Error Value: White=0.55/Black=0.18} 0-1

[Event "Charlotte Thanksgiving GM 2020"]
[Site "Charlotte"]
[Date "2020.11.26"]
[Round "1.4"]
[White "Dragun, Kamil"]
[Black "Balakrishnan, Praveen"]
[Result "1/2-1/2"]
[WhiteElo "2565"]
[BlackElo "2485"]
[Annotator "TA"]
[PlyCount "91"]
[EventDate "2020.11.26"]
[EventType "tourn"]
[EventCountry "USA"]
[SourceTitle "playchess.com"]
[Source "ChessBase"]
[SourceQuality "1"]

{[%evp 19,91,-4,22,18,19,14,19,14,45,25,41,9,32,23,20,16,45,39,33,47,41,23,62,58,100,104,103,110,117,73,237,237,212,217,202,200,196,185,193,187,197,178,189,167,174,168,186,179,175,177,166,150,147,154,150,156,204,81,74,60,57,58,68,60,49,23,92,53,47,23,33,0,10,0]} 1. d4 Nf6 2. c4 e6 3. Nc3 Bb4 4. e3 O-O 5. Bd3 d5 6. a3 Bxc3+ 7. bxc3 dxc4 8. Bxc4 c5 9. Ne2 Qc7 10. Bd3 b6 {10...Nc6 is becoming the main line.} 11. e4 {E49: Nimzo-Indian: Rubinstein: 5 Bd3 d5 6 a3 Bxc3+ 7 bxc3.} Ba6 12. Bg5 Bxd3 13. Qxd3 Nbd7 14. O-O {[#]} Rfc8 $146 ({Predecessor:} 14... Qc6 15. Ng3 h6 16. Bd2 Rad8 17. Qe2 Kh8 18. e5 Ng8 19. a4 Qd5 20. Be3 cxd4 21. cxd4 Ne7 {½-½ (21) Damljanovic,B (2400)-Lukacs,P (2470) Belgrade 1984}) 15. e5 Ne8 16. Rac1 Qb7 17. Rcd1 cxd4 18. cxd4 Qd5 19. Nf4 Qc4 20. Qg3 Qc3 21. Rd3 Qb2 22. Nh5 {And now Nxg7! would win.} Nf8 {[#]} 23. Nf6+ $1 Kh8 24. Ne4 Rc4 $2 (24... Qe2 $16 {might work better.} 25. Re3 Qh5) 25. Qf3 $18 Rc7 26. Nd6 Rb8 27. Nxf7+ Kg8 28. Nd6 h6 29. Bd2 Nxd6 30. exd6 Rf7 31. Qg3 Kh7 32. d5 exd5 33. Rxd5 Qc2 34. Rc1 Qe4 35. Qd3 Qxd3 36. Rxd3 Rd8 37. g3 Rf6 {[#]} 38. Bf4 (38. Rc6 $1 $18 {is the precise move to win.}) 38... Ng6 $16 39. d7 Nxf4 40. gxf4 Rxf4 $14 {[%mdl 4096] Endgame KRR-KRR} 41. Rc8 Rff8 42. Rdc3 Kg6 (42... b5 $11 {keeps the balance.}) 43. Kg2 b5 44. Rg3+ Kh7 45. Rgc3 a5 46. Rxd8 {White really could win this.  Weighted Error Value: White=0.14/Black=0.16} 1/2-1/2

[Event "Charlotte Thanksgiving GM 2020"]
[Site "Charlotte"]
[Date "2020.11.26"]
[Round "1.5"]
[White "Ringoir, Tanguy"]
[Black "Ostrovskiy, Aleksandr"]
[Result "1/2-1/2"]
[WhiteElo "2484"]
[BlackElo "2434"]
[Annotator "TA"]
[PlyCount "35"]
[EventDate "2020.11.26"]
[EventType "tourn"]
[EventCountry "USA"]
[SourceTitle "playchess.com"]
[Source "ChessBase"]
[SourceQuality "1"]

{[%evp 18,19,33,27]} 1. d4 d5 2. c4 c6 3. cxd5 cxd5 4. Bf4 Nf6 5. Nc3 Nc6 6. e3 a6 7. Bd3 Bg4 8. Nge2 e6 9. O-O Be7 10. Rc1 {[#]} {Predecessor:} O-O $146 {D10: Slav Defence: 3 cxd5 (without early Nf3) and 3 Nc3.} 11. Na4 Rc8 12. Nc5 Nb4 13. f3 Bh5 14. Bb1 b6 15. Na4 b5 16. Nc5 a5 17. a3 Nc6 18. Bd3 {½-½ (39) Howell,D (2663)-Forcen Esteban,D (2556) Linares 2020} 1/2-1/2

[Event "Charlotte Thanksgiving GM 2020"]
[Site "Charlotte"]
[Date "2020.11.26"]
[Round "2.1"]
[White "Tokhirjonova, Gulrukhbegim"]
[Black "Sheng, Joshua"]
[Result "1/2-1/2"]
[WhiteElo "2378"]
[BlackElo "2474"]
[Annotator "TA"]
[PlyCount "76"]
[EventDate "2020.11.26"]
[EventType "tourn"]
[EventCountry "USA"]
[SourceTitle "playchess.com"]
[Source "ChessBase"]
[SourceQuality "1"]

{[%evp 10,76,12,15,25,19,35,26,34,35,30,32,33,-15,-10,-22,-8,-32,0,0,0,0,4,0,0,0,0,12,9,11,12,10,16,18,45,0,22,25,18,14,43,25,25,32,25,0,16,25,28,0,50,22,18,0,-6,-8,-8,-14,-13,-31,0,0,0,0,0,0,0,0,0]} 1. e4 c6 2. d4 d5 3. e5 Bf5 4. Nd2 e6 5. Nb3 Nd7 6. Nf3 h6 {B12: Caro-Kann: Advance Variation.} 7. Be2 c5 8. dxc5 Bxc5 {White has an edge.} 9. Nxc5 Nxc5 10. Be3 {[#]} Nd7 $146 ({Predecessor:} 10... Qa5+ 11. c3 Qc7 12. Nd4 a6 13. Nxf5 exf5 14. Qxd5 Ne6 15. O-O-O Rd8 16. Qb3 b5 17. Rxd8+ Qxd8 {1-0 (31) Gonzalez Vidal,Y (2522)-Arcos Garcia,M (1419) Pamplona 2010}) 11. O-O (11. Nd4 $5 {[%cal Rd4f5]} Ne7 12. f4 $11) 11... Ne7 12. c4 O-O 13. Qb3 Qb8 14. Qa3 Re8 15. Qd6 Nc6 16. cxd5 ({Of course not} 16. Qxd7 Rd8 $17) 16... exd5 17. Qxd5 Ndxe5 18. Nxe5 Rxe5 19. Qb3 Be6 20. Qc3 Qe8 21. Rfd1 Bd5 22. b4 {[%cal Bb2b4,Bb4b5][%mdl 32]} Qe6 23. Bf1 Rc8 24. Rac1 Bxa2 25. b5 Ne7 26. Qa3 {[#] aiming for Rxc8+.} Rxc1 27. Qxc1 Bb3 28. Rd8+ Kh7 29. Re8 {And now Qc3 would win.} Bd5 30. Qc3 {Strongly threatening Bc5.} ({Don't blunder} 30. Bxa7 $2 {[#]} Re1 $1 $19 {[%mdl 512]}) 30... f6 $1 31. Bd3+ Be4 32. Bxe4+ ({Wrong is} 32. Bxa7 $2 Qf5 $19) 32... Rxe4 33. Qd3 f5 34. g3 Qd5 35. Rd8 {The position is equal.} Qxd3 36. Rxd3 a6 37. Rd7 axb5 38. Rxb7 Nd5 {Weighted Error Value: White=0.07/Black=0.09} 1/2-1/2

[Event "Charlotte Thanksgiving GM 2020"]
[Site "Charlotte"]
[Date "2020.11.26"]
[Round "2.2"]
[White "Balakrishnan, Praveen"]
[Black "Ringoir, Tanguy"]
[Result "1-0"]
[WhiteElo "2485"]
[BlackElo "2484"]
[Annotator "TA"]
[PlyCount "73"]
[EventDate "2020.11.26"]
[EventType "tourn"]
[EventCountry "USA"]
[SourceTitle "playchess.com"]
[Source "ChessBase"]
[SourceQuality "1"]

{[%evp 9,73,0,0,0,-9,-10,-2,-6,0,0,0,-22,-11,-13,-13,-13,-13,-13,-9,-30,0,0,0,-6,-5,-19,0,0,0,-10,4,-36,-34,-48,54,-34,0,0,0,0,0,0,0,0,0,0,20,18,62,62,63,63,106,93,160,17,22,0,125,12,12,12,29940,29940,5573,5498]} 1. d4 Nf6 2. c4 g6 3. g3 c6 4. Bg2 d5 5. Qa4 Bg7 6. cxd5 {D71: Fianchetto Grünfeld: 3 g3 d5 sidelines and 5 cxd5 (without Nf3).} Nxd5 7. Nf3 Nb6 8. Qc2 {The position is equal.} Bg4 9. e3 O-O 10. Nbd2 Na6 11. O-O c5 {[#]} 12. dxc5 $146 ({Predecessor:} 12. Qe4 Be6 13. Qxb7 Nb4 14. Ng5 Bc8 15. Qe4 cxd4 16. a3 N4d5 17. exd4 e5 18. Ndf3 {0-1 (38) Bruzon Batista,L (2673)-Zherebukh,Y (2633) Saint Louis 2018}) 12... Rc8 13. Nb3 Na4 {[%cal Ra4c5]} 14. Rd1 Bd7 {[%cal Ra6c5]} 15. e4 N6xc5 16. Nxc5 Nxc5 17. e5 Qa5 18. Be3 b6 19. Qc4 Qa4 20. b4 {Qd4 is the strong threat.} Bb5 21. Qh4 Be2 (21... Nd3 $15) 22. Rdc1 ({White should try} 22. Ng5 $1 $14 h6 23. Nxf7 Rxf7 24. Re1 Bxe5 25. Rac1 {[%mdl 64] Pin}) 22... Bxf3 23. Bxf3 Nd3 {[%mdl 64] [#] Double Attack, Discovered Attack} 24. Rxc8 Rxc8 25. Qxe7 Re8 26. Qb7 Nxe5 27. Bd5 Rf8 28. Rc1 Nd3 29. Bb3 $1 {[%cal Rb3a4]} ({But not} 29. Rc8 $2 Qd1+ 30. Kg2 Ne1+ 31. Kh1 Nc2+ 32. Kg2 Nxe3+ 33. fxe3 Qe2+ 34. Kh3 Qf1+ 35. Bg2 Qf5+ 36. g4 Qxc8 $19) 29... Qxb4 30. Rc7 {[%cal Rc7f7]} Ne5 ({Wrong is} 30... Qe1+ $2 {[#]} 31. Kg2 $1 $18 {[%mdl 512]}) 31. Kg2 {[%mdl 1024] Hoping for f4. White has strong compensation.} Kh8 (31... a5 $142) 32. Bf4 (32. Qd5 $16) 32... Nd3 $11 33. Be3 (33. Bg5 $11) 33... Ne5 $16 34. Bd5 ({Better is} 34. Qd5 $16) 34... Ng4 $11 35. Bg5 {aiming for Rc4.} Nf6 $2 {[%mdl 8192]} (35... h6 $11 36. Bc1 (36. Be7 $2 Qd2 $19) 36... Qe1 37. Rxf7 Qxc1 38. Rxf8+ Bxf8) 36. Bxf6 Bxf6 37. Rxf7 {Weighted Error Value: White=0.23/Black=0.36} 1-0

[Event "Charlotte Thanksgiving GM 2020"]
[Site "Charlotte"]
[Date "2020.11.26"]
[Round "2.3"]
[White "Mishra, Abhimanyu"]
[Black "Dragun, Kamil"]
[Result "0-1"]
[WhiteElo "2338"]
[BlackElo "2565"]
[Annotator "TA"]
[PlyCount "92"]
[EventDate "2020.11.26"]
[EventType "tourn"]
[EventCountry "USA"]
[SourceTitle "playchess.com"]
[Source "ChessBase"]
[SourceQuality "1"]

{[%evp 12,92,7,0,15,7,20,-3,33,-43,11,0,14,20,32,0,-7,-36,-28,-63,-36,-52,-55,-60,-21,-79,-50,-44,0,-56,-24,-90,-84,-118,-104,-161,-159,-242,-222,-236,-223,-401,-355,-402,-395,-518,-516,-540,-469,-659,-633,-749,-533,-802,-779,-801,-786,-768,-656,-999,-955,-1062,-1038,-1243,-1250,-1150,-1165,-1003,-969,-2052,-2092,-1790,-1647,-29970,-2089,-2893,-4133,-29983,-29978,-29978,-29979,-29977,-29977]} 1. e4 c5 2. Nf3 d6 3. d4 cxd4 4. Nxd4 Nf6 5. Nc3 a6 6. h3 e5 7. Nb3 Be7 {B90: Sicilian Najdorf: Unusual White 6th moves, 6 Be3 Ng4 and 6 Be3 e5.} 8. Be3 {8.g4 is the modern continuation.} Be6 9. Qf3 b5 {The position is equal.} 10. O-O-O (10. a4 $14) 10... b4 $5 {[%mdl 4] Exploring less charted territory.} (10... O-O $15) 11. Nd5 $11 Nxd5 12. exd5 Bd7 13. g4 O-O 14. Bd3 Bb5 {[#]} 15. Bf5 $146 ({Predecessor:} 15. Kb1 Bxd3 16. cxd3 a5 17. Nd2 Qd7 18. d4 e4 19. Nxe4 Na6 20. g5 Kh8 21. Rhg1 {½-½ (59) Andriasian,Z (2611)-Kokarev,D (2628) Kazan 2014}) 15... a5 {[%cal Ba6a5,Ba5a4][%mdl 32]} 16. h4 a4 17. Nd2 Qc7 $36 {[%mdl 2048] With the idea ...Nd7. Black has some pressure.} ({Don't blunder} 17... Bxh4 $2 {[#]} 18. Rxh4 $1 {[%mdl 512]} h6 19. g5 $18) 18. Bg5 (18. h5 $1 $11 {keeps the balance.}) 18... b3 19. axb3 axb3 20. Nxb3 (20. Qxb3 $11 Ra1+ 21. Nb1) 20... Ra4 $15 21. Bxe7 (21. Kd2 $11) 21... Qxe7 $17 {Black keeps a firm grip on the game.} 22. Rhe1 g6 23. Be4 (23. Bd3 $17 {was necessary.} Bxd3 24. Qxd3) 23... Qxh4 $19 24. Qg3 (24. Nd2 $17 {was worth a try.}) 24... Qg5+ 25. Kb1 Nd7 26. Qc3 $2 (26. Bd3 {is a better defense.} Rxg4 27. Qe3 Bxd3 28. Rxd3) 26... Rfa8 27. Bd3 Bxd3 28. cxd3 Qxg4 29. Rc1 Qf3 30. d4 (30. Re4 $142) 30... Qxd5 {[%cal Re5d4]} 31. dxe5 Nxe5 32. f4 Rxf4 33. Rcd1 Qe6 34. Rd4 Rf2 35. Rde4 Rc8 36. Qb4 Rcc2 37. Nd4 Rxb2+ 38. Qxb2 Rxb2+ 39. Kxb2 Qc4 {[#] Hoping for ...Nd3+.} 40. R1e3 Nd3+ 41. Rxd3 Qxd3 {KQ-KRN} 42. Re8+ Kg7 43. Nb3 h5 44. Ka1 h4 {Black mates.} 45. Kb2 h3 46. Re1 h2 {Weighted Error Value: White=0.86/Black=0.22} 0-1

[Event "Charlotte Thanksgiving GM 2020"]
[Site "Charlotte"]
[Date "2020.11.26"]
[Round "2.4"]
[White "Gauri, Shankar"]
[Black "Hong, Andrew"]
[Result "1/2-1/2"]
[WhiteElo "2356"]
[BlackElo "2449"]
[Annotator "TA"]
[PlyCount "154"]
[EventDate "2020.11.26"]
[EventType "tourn"]
[EventCountry "USA"]
[SourceTitle "playchess.com"]
[Source "ChessBase"]
[SourceQuality "1"]

{[%evp 9,154,6,16,8,13,2,25,0,7,7,10,12,16,23,14,13,14,17,17,14,25,13,13,13,18,5,60,48,60,33,32,34,46,21,27,25,85,81,107,102,105,106,187,172,172,92,94,95,95,81,172,167,179,144,319,312,311,296,289,94,139,143,160,62,130,130,671,741,707,685,756,679,510,383,631,631,577,389,388,387,388,380,380,380,380,372,393,268,387,377,439,401,431,399,486,409,800,438,425,406,398,387,350,252,269,234,309,298,295,119,269,221,307,315,457,468,432,412,713,346,268,0,715,700,698,682,646,389,674,560,429,401,572,375,319,8,8,7,8,0,0,4,19,0,0,0,0]} 1. e4 c5 2. Nc3 d6 3. Bb5+ Bd7 4. Bxd7+ Qxd7 5. d4 cxd4 6. Qxd4 {B23: Closed Sicilian: Lines without g3.} Nc6 7. Qd3 g6 8. Nf3 {White has an edge.} Bg7 9. O-O Nf6 10. Nd5 Ng4 11. h3 Nge5 12. Nxe5 Nxe5 13. Qb3 e6 14. Bh6 O-O 15. Bxg7 Kxg7 16. Ne3 Qc6 17. Qb4 {[#]} Nd7 $146 ({Better is} 17... Qc5 $11 18. Qxc5 dxc5) ({Predecessor:} 17... Qc5 18. Qxc5 dxc5 19. f4 Nc6 {½-½ (19) Miettinen,K (2419)-Sykora,J (2380) ICCF email 2018}) 18. Rad1 Nf6 19. Rxd6 Qxe4 20. Rd4 Qe5 21. Rfd1 b5 22. a4 bxa4 (22... Rfb8 $11 {remains equal.}) 23. Qxa4 $16 a5 24. b3 $1 h5 25. Qa1 Qb5 (25... Nd5 $16) 26. Rf4 $18 e5 {[#]} 27. Rxf6 (27. Ra4 $1 $18) 27... Kxf6 $16 {[#]} 28. Rd5 $1 {[%csl Gd5][%cal Ra1e5]} Qb8 29. Nc4 Kg7 (29... Re8 $16) 30. Nxe5 $18 (30. Rxe5 f6 $11) 30... f6 31. Rd7+ $40 {[%mdl 128] White wants a kill.} Kg8 $2 (31... Kh6 $16 32. Nf7+ {[%mdl 64] Discovered Attack} Rxf7 33. Rxf7 Qe5) 32. Nxg6 Rf7 33. Ne7+ Kf8 34. Nc6 $2 (34. Qd4 $18) 34... Qe8 35. Rd6 Kg7 36. Qd1 ({White should try} 36. Qc3 $16) 36... Ra6 ({Black should play} 36... a4 $14) 37. Nd4 ({Avoid the trap} 37. Qxh5 $2 Rxc6 38. Qg4+ Kf8 $19) 37... Rfa7 $2 {[%mdl 8192]} (37... Rxd6 $16 38. Nf5+ {[%mdl 64] Double Attack, Discovered Attack} Kg8 39. Qxd6 (39. Nxd6 Rd7 $17) 39... Qe1+ 40. Kh2 Qxf2 41. Nh6+ {[%mdl 64] Double Attack} Kg7 42. Nxf7 Kxf7) 38. Nf5+ Kh7 39. Rd8 Qf7 40. Qd2 {[%csl Gf5][%cal Rd2h6]} Qg6 41. Nh4 Qe4 $2 (41... Qg5) 42. Rd4 Qe6 43. Qd3+ f5 44. Nxf5 {aiming for Nh4+.} Qg6 45. g4 Rf7 46. Kf1 Raf6 47. Rd8 Re6 ({Much weaker is} 47... hxg4 48. hxg4 Rxf5 49. gxf5 $18) 48. Qd4 {[%csl Gd4][%cal Rd8h8]} Ref6 (48... Qf6 {was necessary.} 49. Qd3 Qg6) 49. f3 Qg5 50. Kf2 Qg6 51. Qd3 Rc6 52. Rd5 Rfc7 (52... Kh8 $142 53. Rd8+ Kh7) 53. Rd7+ Rxd7 54. Qxd7+ {[%mdl 4096] Endgame KQR-KQN} Kh8 55. Qd8+ Kh7 56. Qd3 {Hoping for gxh5.} Rc7 57. c4 hxg4 58. hxg4 Qf6 59. Ne3+ (59. f4 $18 {is more deadly.}) 59... Kg7 (59... Kh8 $16 {keeps fighting.} 60. Kg3 Rh7) 60. Qd2 Rb7 61. Nf5+ {Cut Off at move 61} Kh7 (61... Kh8 {was worth a try.} 62. Qxa5 Rxb3 63. Qa8+ Kh7) 62. Qxa5 Rxb3 63. Qc7+ Kh8 (63... Kg8 $142 64. c5 Rb1 65. Qc8+ Kh7 66. Qd7+ Kh8 67. Qe8+ Kh7) 64. Qc8+ (64. Kg3 $142 Rd3 65. c5) 64... Kh7 65. Qc7+ $2 (65. Qd7+ Kh8 66. Qe8+ Kh7 67. Qe4) 65... Kh8 $1 66. Kg3 Rb1 67. c5 Rg1+ 68. Kf2 Rc1 $2 (68... Rd1 69. Kg3 Rg1+ 70. Kf2 Rd1) 69. Qc8+ Kh7 70. Qd7+ Kh8 (70... Kg8 $142 71. Qd5+ Kh7) 71. Qe8+ Kh7 72. Qe3 $2 ({White must play} 72. Kg3 $18) 72... Rc3 $1 $11 {[%cal Rc3e3] The position is equal.} 73. Qd2 {Qd7+ is the strong threat.} Rxc5 74. Qd7+ Kg6 $1 {( -> ...Rc2+)} 75. Qe8+ Qf7 $1 {[%cal Rf7e8]} 76. Qxf7+ Kxf7 77. f4 Rxf5 {White really could win this.  Weighted Error Value: White=0.33/Black=0.48} 1/2-1/2